000 00663cam a2200229 4500
001 J100236
008 000000n1999 000 0 eng u
035 _a(Sirsi) u100236
041 _aENG
050 _a333.33
110 _aHM Land Registry
_91247
245 _aResidential property price report 1999. April-June, July-September.
260 _aLondon
_bHM Land Registry
_c1999
300 _a3 pt ; 30cm.
650 _aHOUSE PRICES
650 _aHOUSING MARKET
650 _aPRICES
650 _aRESIDENTIAL PROPERTY
_96266
690 _aPROPERTY-RESIDENTIAL PROPERTY-RESIDENTIAL PROPERTY MARKET
856 _uhttps://www.landreg.gov.uk
942 _n0
999 _c99661
_d99661